| 000 | 00478nam a22001697a 4500 | ||
|---|---|---|---|
| 003 | BD-ChCU | ||
| 005 | 20260111101426.0 | ||
| 008 | 260111b bg ||||| |||| 00| 0 ben d | ||
| 040 | _cBD-ChCU | ||
| 082 | _aREF 410 STU | ||
| 100 |
_aCharles R. Cooper . _918880 |
||
| 245 |
_aStudying writing : _blinguistic approaches ed./ _cR. Cooper Charles . |
||
| 260 |
_aLondon : _bSage, _cC 1986 |
||
| 300 | _aVol. 1. | ||
| 650 | 0 |
_aLanguage and Languages . _918882 |
|
| 942 |
_2ddc _cBK _n0 |
||
| 999 |
_c110848 _d110848 |
||